000 00363nam a2200157Ia 4500
999 _c2778
_d2778
003 OSt
005 20191003113111.0
008 190902s9999||||xx |||||||||||||| ||und||
020 _a978-1560525851
040 _cmaju
100 _aMarion E.Haynes
245 0 _aPersonal time Management
260 _aIndia
_bPerson Hall
_c1999
300 _a89
942 _cBK
_2ddc